000 00358nam a22001337a 4500
999 _c17281
_d17281
008 181015b xxu||||| |||| 00| 0 eng d
020 _a8184110170
050 _aS565.88
_b.A37 2006 c.1
245 _aAgri-Tourism
_cEdited by Romila Chawla
260 _aNew Delhi
_bSonali Publications
_c2006
300 _a262p.
650 _aAgri-tourism
942 _2lcc
_cBK